| 000 | 01557nam a2200373Ia 4500 | ||
|---|---|---|---|
| 001 | ebr10150414 | ||
| 003 | CaPaEBR | ||
| 006 | m u | ||
| 007 | cr cn||||||||| | ||
| 008 | 051101s2006 nyua sb 001 0 eng d | ||
| 010 | _z 2005055292 | ||
| 020 | _z1403977062 | ||
| 020 | _z1403970661 (cloth) | ||
| 040 |
_aCaPaEBR _cCaPaEBR |
||
| 035 | _a(OCoLC)567962684 | ||
| 050 | 1 | 4 |
_aPR408.D49 _bU73 2006eb |
| 100 | 1 | _aUrban, Marsha. | |
| 245 | 1 | 0 |
_aSeventeenth-century mother's advice books _h[electronic resource] / _cMarsha Urban. |
| 250 | _a1st ed. | ||
| 260 |
_aNew York : _bPalgrave Macmillian, _c2006. |
||
| 300 |
_a206 p. : _bill. |
||
| 504 | _aIncludes bibliographical references (p. [199]-204) and index. | ||
| 533 |
_aElectronic reproduction. _bPalo Alto, Calif. : _cebrary, _d2009. _nAvailable via World Wide Web. _nAccess may be limited to ebrary affiliated libraries. |
||
| 600 | 0 | 0 |
_aOne of the same sex, _db. ca. 1658. _tAge rectified. |
| 650 | 0 |
_aDidactic literature, English _xHistory and criticism. |
|
| 650 | 0 |
_aEnglish prose literature _yEarly modern, 1500-1700 _xHistory and criticism. |
|
| 650 | 0 |
_aEnglish prose literature _xWomen authors _xHistory and criticism. |
|
| 650 | 0 | _aMothers in literature. | |
| 650 | 0 | _aConduct of life in literature. | |
| 650 | 0 |
_aWomen and literature _zEngland _xHistory _y17th century. |
|
| 655 | 7 |
_aElectronic books. _2local |
|
| 710 | 2 | _aebrary, Inc. | |
| 856 | 4 | 0 |
_uhttp://site.ebrary.com/lib/rucke/Doc?id=10150414 _zAn electronic book accessible through the World Wide Web; click to view |
| 999 |
_c93988 _d93988 |
||